<?xml version="1.0" encoding="UTF-8"?>
<record
    xmlns:xsi="http://www.w3.org/2001/XMLSchema-instance"
    xsi:schemaLocation="http://www.loc.gov/MARC21/slim http://www.loc.gov/standards/marcxml/schema/MARC21slim.xsd"
    xmlns="http://www.loc.gov/MARC21/slim">

  <leader>00700nam a22001937a 4500</leader>
  <controlfield tag="005">20220912091413.0</controlfield>
  <controlfield tag="008">220819b          mx ||||| |||| 00| 0 spa d</controlfield>
  <datafield tag="020" ind1=" " ind2=" ">
    <subfield code="a">9684962592   (obra completa)</subfield>
  </datafield>
  <datafield tag="020" ind1=" " ind2=" ">
    <subfield code="a">9684962622 (volumen)</subfield>
  </datafield>
  <datafield tag="050" ind1="0" ind2="4">
    <subfield code="a">F1435 </subfield>
    <subfield code="b">B73 1994</subfield>
  </datafield>
  <datafield tag="100" ind1="1" ind2=" ">
    <subfield code="a">Bracamonte y Sosa, Pedro</subfield>
  </datafield>
  <datafield tag="245" ind1="1" ind2=" ">
    <subfield code="a">La memoria enclaustrada : Historia ind&#xED;gena de Yucat&#xE1;n, 1750-1915 / Pedro Bracamonte.</subfield>
    <subfield code="c">Pedro Bracamonte y Sosa.</subfield>
  </datafield>
  <datafield tag="260" ind1=" " ind2=" ">
    <subfield code="a">M&#xE9;xico : </subfield>
    <subfield code="b">CIESAS : </subfield>
    <subfield code="c">1994</subfield>
  </datafield>
  <datafield tag="300" ind1=" " ind2=" ">
    <subfield code="a">253 p. : </subfield>
    <subfield code="b">il. ; </subfield>
    <subfield code="c">21 cm.</subfield>
  </datafield>
  <datafield tag="504" ind1=" " ind2=" ">
    <subfield code="a">Incluye ap&#xE9;ndice documental, glosario y bibliograf&#xED;a</subfield>
  </datafield>
  <datafield tag="650" ind1=" " ind2=" ">
    <subfield code="a">Indios de M&#xE9;xico</subfield>
    <subfield code="z">Yucat&#xE1;n (Estado) </subfield>
  </datafield>
  <datafield tag="650" ind1=" " ind2=" ">
    <subfield code="a">Mayas</subfield>
    <subfield code="x">Rebeli&#xF3;n, 1847</subfield>
  </datafield>
  <datafield tag="942" ind1=" " ind2=" ">
    <subfield code="2">lcc</subfield>
    <subfield code="c">LIB</subfield>
  </datafield>
  <datafield tag="999" ind1=" " ind2=" ">
    <subfield code="c">78701</subfield>
    <subfield code="d">78701</subfield>
  </datafield>
  <datafield tag="952" ind1=" " ind2=" ">
    <subfield code="1">0</subfield>
    <subfield code="2">lcc</subfield>
    <subfield code="4">0</subfield>
    <subfield code="7">1</subfield>
    <subfield code="a">LIC-020</subfield>
    <subfield code="b">LIC-020</subfield>
    <subfield code="c">FLV</subfield>
    <subfield code="d">2022-08-19</subfield>
    <subfield code="f">1a ed.</subfield>
    <subfield code="k">EH</subfield>
    <subfield code="l">0</subfield>
    <subfield code="o">F1435 B73 1994</subfield>
    <subfield code="p">BFF000037725	</subfield>
    <subfield code="r">2022-08-19 00:00:00</subfield>
    <subfield code="t">C.1</subfield>
    <subfield code="v">1.00</subfield>
    <subfield code="y">LIB</subfield>
  </datafield>
  <datafield tag="952" ind1=" " ind2=" ">
    <subfield code="1">0</subfield>
    <subfield code="2">lcc</subfield>
    <subfield code="4">0</subfield>
    <subfield code="7">1</subfield>
    <subfield code="a">LIC-020</subfield>
    <subfield code="b">LIC-020</subfield>
    <subfield code="c">FLV</subfield>
    <subfield code="d">2022-08-19</subfield>
    <subfield code="f">1a ed.</subfield>
    <subfield code="k">EH</subfield>
    <subfield code="l">0</subfield>
    <subfield code="o">F1435 B73 1994</subfield>
    <subfield code="p">BFF000037726	</subfield>
    <subfield code="r">2022-08-19 00:00:00</subfield>
    <subfield code="t">C.2</subfield>
    <subfield code="v">1.00</subfield>
    <subfield code="y">LIB</subfield>
  </datafield>
</record>
